000 00297nam a22001337a 4500
008 181009b xxu||||| |||| 00| 0 eng d
020 _a9780521453813
041 _aeng
080 _a159.9
100 _a49
101 _aPSI
245 _aHume's Theory of Consciousness
_cWayne
942 _2udc
_cBK
999 _c49138
_d49138